000 00530nam a2200133Ia 4500
008 100328s9999 xx 000 0 und d
082 _b62920
100 _aभिडे श्री.र.
245 _aरामायण-महाभारतातील आत्महत्या.
260 _bराजहंस.
630 _aरामायण-महाभारतातील आत्महत्या.
730 _aरामायण-महाभारतातील आत्महत्या.
942 _cBOOK
999 _c548850
_d548847